000 00719nam a2200217Ii 4500
003 JO-AjNU
008 230605s9999||||xx |||||||||||||| ||und||
017 _a2001/18636
020 _a977-01-7665-6
040 _aJO-AjNU
_bara
_erda
_cJO-AjNU
041 _aara
050 1 4 _aUB251. I75.S5822 2002
100 3 _aشهيب، عبدالقادر ,
_eauthor
_99808
245 0 0 _aالموساد سقوط الاسطورة
264 3 1 _aالقاهرة:الهيئةالمصرية العامة للكتاب، 2002
300 _a196ص
336 _atext
_btxt
_2rdacontent
337 _aunmediated
_bn
_2rdamedia
338 _avolume
_bnc
_2rdacarrier
650 4 _aالمخابرات الاسرائيلية-اسطورة
_99809
999 _aA1488
_c5056
_d5056